สิบเกาะที่ใหญ่ที่สุดในประเทศไทย - Statistics

General Stats
  • This quiz has been taken 2,977 times
  • The average score is 5 of 10
Answer Stats
ตัวเลข เกาะ % Correct
สาม เกาะช้าง
80%
สอง เกาะสมุย
79%
ห้า เกาะเต่า
60%
เจ็ด เกาะพีพี
60%
แปด เกาะเสม็ด
59%
หนึ่ง ภูเก็ต
57%
สี่ เกาะพะงัน
52%
หก เกาะลันตา
45%
เก้า เกาะยาวใหญ่
28%
สิบ เกาะยาวน้อย
15%
No matching quizzes found
Score Distribution
Percent of People with Each Score
Percentile by Number Answered
Your Score History
You have not taken this quiz